Advances in ground improvement (Record no. 131530)
[ view plain ]
| 000 -LEADER | |
|---|---|
| fixed length control field | 02217nam a2200409 a 4500 |
| 082 04 - DEWEY DECIMAL CLASSIFICATION NUMBER | |
| Classification number | 624.1/51363 |
| 245 10 - TITLE STATEMENT | |
| Title | Advances in ground improvement |
| 260 ## - PUBLICATION, DISTRIBUTION, ETC. (IMPRINT) | |
| Place of publication | Reston, Va. : |
| Name of publisher | American Society of Civil Engineers, |
| Year of publication | c2009. |
| 300 ## - PHYSICAL DESCRIPTION | |
| Number of Pages | xi, 322 p. : |
| Other physical details | ill. |
| 490 1# - SERIES STATEMENT | |
| Series statement | Geotechnical special publication ; |
| 505 0# - FORMATTED CONTENTS NOTE | |
| Formatted contents note | Keynote lecture papers -- Column-supported embankments -- Column technologies for ground improvement -- Ground modification and accelerated consolidation. |
| 650 #0 - SUBJECT ADDED ENTRY--TOPICAL TERM | |
| Topical Term | Soil stabilization |
| Topical Term | Soil stabilization |
| 700 1# - ADDED ENTRY--PERSONAL NAME | |
| Personal name | Han, Jie, |
| 856 40 - ELECTRONIC LOCATION AND ACCESS | |
| Uniform Resource Identifier | http://site.ebrary.com/lib/rucke/Doc?id=10467711 |
No items available.
